| 000 | 01772nam a2200373 a 4500 | ||
|---|---|---|---|
| 001 | 000006265 | ||
| 003 | DO-SdBNP | ||
| 005 | 20250606115436.0 | ||
| 008 | 090827s2006 dr ad r 001 0 spa d | ||
| 020 | _a9945160419 | ||
| 040 |
_aDO-SdBNP _bspa _cBNPHU |
||
| 082 | 7 |
_a372.011 _bB446u _222 |
|
| 100 | 1 |
_aBello, Alina _917503 |
|
| 245 | 1 | 0 |
_aUna aproximación al perfil del docente de educación básica en el suroeste de la República Dominicana / _cAlina Bello, Gineida Castillo, Radhamés Mejía ; presentación, Basilio Florentino Morillo. |
| 260 |
_aSanto Domingo : _bPlan Internacional República Dominicana, _c2006. |
||
| 300 |
_axv, 85 p. : _bil., gráfcs. ; _c22 cm. |
||
| 490 | 0 | _aRural. Investigaciones educativas del contexto rural | |
| 500 | _aEspacio de reflexión, foro socioeducativo | ||
| 504 | _aIncluye referencias bibliográficas y notas al pie de páginas. | ||
| 504 | _aBibliografía : p. 83-86. | ||
| 505 | 0 |
_gIntroducción -- _tMetodología -- _tPresentación de resultados -- _gConclusiones -- _gBibliografía. |
|
| 590 | _aInventariado, 2018/BT | ||
| 650 | 0 |
_aEducación primaria _zRepública Dominicana _91420 |
|
| 650 | 4 |
_aEducación primaria _xFormación profesional _xInvestigaciones _917504 |
|
| 650 | 4 |
_aFormación profesional de maestros _zRepública Dominicana _917505 |
|
| 650 | 4 |
_aCapacitacion docente _917506 |
|
| 700 | 1 |
_aCastillo, Gineida _917507 |
|
| 700 | 1 |
_aMejía, Radhamés _96414 |
|
| 700 | 1 |
_aMorillo, Basilio Florentino, _epresent. _917508 |
|
| 710 | 2 |
_aPontificia Universidad Católica Madre y Maestra. _bCentro de Investigación en Educación y Desarrollo Humano _917509 |
|
| 830 | 0 |
_aRural. Investigaciones educativas del contexto rural _917510 |
|
| 910 | _aValidado. Control de calidad. EMS | ||
| 942 |
_2ddc _cLBS1 |
||
| 999 |
_c6060 _d6060 |
||